00378nam a2200145Ia 4500003000400000005001700004008004100021040000900062082001800071100002000089245005700109250001200166260004500178300000900223OSt20200519102119.0190216s9999||||xx |||||||||||||| ||und|| coclc a297.63bSID/M aSiddiqi, Naeem  0aMuhammad The Benefactor Of Humanity /cNaeem Siddiqi a2nd Ed. bMarkazi Maktaba Islami, c1983.aDelhi: a277p